Statistiques concernant Pays par ses 2 premières lettres - Facile

Cliquez ici pour prendre le quiz!

Statistiques générales

  • Ce quiz a été pris 730 fois
    (612 depuis la dernière actualisation)
  • Le résultat moyen est 23 sur 27

Statistiques - réponses

PaysNombre de lettresRéponse% Correct
ES7Espagne
98%
FR6France
98%
IT6Italie
97%
RU6Russie
96%
CH5Chine
93%
IR7Irlande
93%
BE8Belgique
92%
CA6Canada
92%
FI8Finlande
92%
AU9Australie
91%
IN4Inde
91%
AL9Allemagne
89%
IS7Islande
89%
JA5Japon
88%
RO8Roumanie
88%
AR9Argentine
86%
SU5Suède
85%
TU7Turquie
83%
ME7Mexique
82%
AU8Autriche
79%
SU6Suisse
79%
GR5Grèce
73%
PO8Portugal
73%
EG6Egypte
71%
AL7Algérie
67%
CO8Colombie
62%
CA8Cameroun
50%

Distribution des résultats

Percentile par nombre de réponses

% des personnes avec chaque résultat

Votre développement - résultats

Vous n’avez pas pris ce quiz depuis la dernière actualisation